<?xml version="1.0" encoding="UTF-8"?>
<collection xmlns="http://www.loc.gov/MARC21/slim">
    <record>
        <controlfield tag="001">67794</controlfield>
        <controlfield tag="005">20180223105511.0</controlfield>
        <datafield tag="037" ind1=" " ind2=" ">
            <subfield code="a">GDOC-2016-29338</subfield>
        </datafield>
        <datafield tag="041" ind1=" " ind2=" ">
            <subfield code="a">spa</subfield>
        </datafield>
        <datafield tag="100" ind1=" " ind2=" ">
            <subfield code="0">(orcid)0000-0002-5584-6199</subfield>
            <subfield code="1">391077</subfield>
            <subfield code="a">Aragón Navarro, Daniel</subfield>
        </datafield>
        <datafield tag="245" ind1="0" ind2="0">
            <subfield code="9">29338</subfield>
            <subfield code="a">Ortodoncia clínica</subfield>
        </datafield>
        <datafield tag="260" ind1=" " ind2=" ">
            <subfield code="a">Zaragoza</subfield>
            <subfield code="b">Universidad de Zaragoza</subfield>
            <subfield code="c">2016-2017</subfield>
        </datafield>
        <datafield tag="520" ind1=" " ind2=" ">
            <subfield code="a">Breve presentación de la asignatura
La Ortodoncia y Ortopedia Dentofacial es el área de la Odontología que se ocupa de la supervisión, guía y corrección del crecimiento y maduración de las estructuras dentofaciales. Esto incluye aquellas situaciones que requieren movimientos dentarios o la corrección de relaciones esqueléticas alteradas o malformadas, mediante la aplicación de fuerzas y/o del estímulo y dirección de las fuerzas funcionales del complejo craneofacial.Las principales responsabilidades de la práctica ortodóncica incluyen el diagnóstico, prevención, intercepción y tratamiento de todas las formas de maloclusión de los dientes y las alteraciones asociadas de los huesos y tejidos blandos; el diseño, aplicación y control de las aparatologías funcionales y correctivas; y la guía de la dentición y de sus estructuras de soporte para conseguir y mantener unas relaciones entre la cara y las estructuras craneales óptimas en armonía fisiológica y estética. El estudio de esta área de conocimiento, durante los cursos clínicos de Grado, se justifica por el carácter básico y fundamental que tiene la Ortodoncia en la formación del estudiante de Odontología.
En Ortodoncia Clínica se estudian los diferentes tipos de tratamientos, los momentos más óptimos para realizar cada uno de los procedimientos y se da una visión al alumno de la Ortodoncia desde un punto de vista interdisciplinar por su relación con otras disciplinas odontológicas como la periodoncia, la prótesis, la patología de la articulación temporomandibular y la cirugía ortognática. La estabilidad de los tratamientos y los procedimientos para evitar la recidiva del tratamiento, la iatrogenia de los tratamientos ortodóncicos y el manejo de las urgencias que se pueden producir a lo largo del tratamiento ortodóncico son otros de los temas que incluye la asignatura.</subfield>
            <subfield code="b"> </subfield>
        </datafield>
        <datafield tag="521" ind1=" " ind2=" ">
            <subfield code="9">129</subfield>
            <subfield code="a">Odontología</subfield>
        </datafield>
        <datafield tag="540" ind1=" " ind2=" ">
            <subfield code="a">by-nc-sa</subfield>
            <subfield code="b">Creative Commons</subfield>
            <subfield code="c">3.0</subfield>
            <subfield code="u">http://creativecommons.org/licenses/by-nc-sa/3.0/</subfield>
        </datafield>
        <datafield tag="700" ind1=" " ind2=" ">
            <subfield code="1">471925</subfield>
            <subfield code="a">Olivares Albeldo, Rosa María</subfield>
        </datafield>
        <datafield tag="700" ind1=" " ind2=" ">
            <subfield code="1">556005</subfield>
            <subfield code="a">Baptista Sanchez, Hugo</subfield>
        </datafield>
        <datafield tag="830" ind1=" " ind2=" ">
            <subfield code="9">442</subfield>
        </datafield>
        <datafield tag="856" ind1="4" ind2=" ">
            <subfield code="s">19702</subfield>
            <subfield code="u">http://zaguan.unizar.es/record/67794/files/guia-29338-es.pdf</subfield>
            <subfield code="y">Guía (idioma español)</subfield>
        </datafield>
        <datafield tag="856" ind1="4" ind2=" ">
            <subfield code="s">9479</subfield>
            <subfield code="u">http://zaguan.unizar.es/record/67794/files/guia-29338-en.pdf</subfield>
            <subfield code="y">Guide (english)</subfield>
        </datafield>
        <datafield tag="970" ind1=" " ind2=" ">
            <subfield code="a">GDOC-2016-29338</subfield>
        </datafield>
        <datafield tag="980" ind1=" " ind2=" ">
            <subfield code="a">GDOC</subfield>
            <subfield code="b">Ciencias de la salud</subfield>
            <subfield code="c">229</subfield>
        </datafield>
    </record>

    
</collection>